| 000 | 00388pab a2200157 454500 | ||
|---|---|---|---|
| 008 | 180718b2015 xxu||||| |||| 00| 0 eng d | ||
| 100 | _aShukla, Praveen | ||
| 245 | _aMicro-finance for rural transformation | ||
| 260 | _c2015 | ||
| 300 | _ap.21-24. | ||
| 362 | _aDec | ||
| 650 | _aRural development | ||
| 650 | _aFinancial institutions | ||
| 773 | _aKurukshetra | ||
| 909 | _a111328 | ||
| 999 |
_c111323 _d111323 |
||